Harekrushna Mahtab / (Record no. 92913)

MARC details
000 -LEADER
fixed length control field 00672nam a22002177a 4500
005 - DATE AND TIME OF LATEST TRANSACTION
control field 20150519130013.0
010 ## - LCCN (DPL NO)
LC control number ENG-112676
020 ## - INTERNATIONAL STANDARD BOOK NUMBER
Terms of availability 80.00
International Standard Book Number 8123764421
020 ## - INTERNATIONAL STANDARD BOOK NUMBER
International Standard Book Number 9788123764429
Terms of availability 80.00
035 ## - SYSTEM CONTROL NUMBER
System control number EN-96208
037 ## - SOURCE OF ACQUISITION
Source of stock number/acquisition DBAD/PUB
082 ## - DEWEY DECIMAL CLASSIFICATION NUMBER
Classification number 921
100 ## - MAIN ENTRY--PERSONAL NAME
Personal name Kar, Souribandhu
245 00 - TITLE STATEMENT
Title Harekrushna Mahtab /
Statement of responsibility, etc by Souribandhu Kar
Remainder of title
260 ## - PUBLICATION, DISTRIBUTION, ETC. (IMPRINT)
Place of publication, distribution, etc New Delhi
Name of publisher, distributor, etc National Book Trust
Date of publication, distribution, etc 2012
270 ## - ADDRESS
Address Nehru Bhawan, 5 Institutional Area, Phase-ll Vasant Kunj
City New Delhi
Postal code 110070
300 ## - PHYSICAL DESCRIPTION
Extent viii,142p.
Dimensions 22cm(pbk)
490 ## - SERIES STATEMENT
Series statement National biography
500 ## - GENERAL NOTE
General note Includes bibliographical references
942 ## - ADDED ENTRY ELEMENTS (KOHA)
Source of classification or shelving scheme Dewey Decimal Classification
Item type English Books
Call number suffix HAR
Classification part 921
Holdings
Withdrawn status Lost status Not for loan Collection code Home library Current library Date acquired Source of acquisition Cost, normal purchase price Full call number Barcode Copy number Cost, replacement price Koha item type
    Not For Loan Non-fiction D.B.Act.Division D.B.Act.Division 13/04/2015 DBAD/PUB 80.00 921 HAR EN-96208 1 80.00 English Books

© Delhi Public Library
Hit Counter
free hit counter